000 01452nam a22004097a 4500
003 OSt
005 20150827153149.0
007 Texto
008 140220b xxu||||| |||| 00| 0 eng d
020 _a9586042480
020 _a9586042537
040 _aBIESPA
_bspa
_cBIESPA
041 _aspa
_nspa
100 _aGarrigues, Joaquín
245 _aCurso de Derecho Mercantil/
_cJoaquín Garrigues,
250 _aReimpresión de la séptima edición.
260 _aBogotá, Colombia:
_bTemis,
_c1987,
300 _a457 páginas, tomo 5,
_c23 cm.,
500 _aEscrito en el idioma español.
650 _2Tesauros
_aDerecho Mecantil
650 _2Tesauros
_aDerecho de Quiebras
_xSuspensiones de Pagos
650 _2Tesauros
_aDerecho Español
650 _2Tesauros
_aDerecho Romano
650 _2Tesauros
_aQuiebra
_xClases
650 _2Tesauros
_aComerciante Marítimo
650 _2Tesauros
_aSociedades Mercantiles
650 _2Tesauros
_aBuques
_xSociedades de Clasificación
650 _2Tesauros
_aDerecho de Propiedad
650 _2Tesauros
_aDerecho Marítimo
650 _2Tesauros
_aCompraventa de Buques
650 _2Tesauros
_aContrato de Fletamento
650 _2Tesauros
_aSeguro Marítimo
650 _2Tesauros
_aComercio Marítimo
_xDaños
650 _2Tesauros
_aAgentes del Naviero
856 _uhttp://biespaext.procuraduria-admon.gob.pa/files/original/b58e6ffab76c463cb0e19075597d46b1.pdf
_yIndice
942 _2ddc
_cBK
999 _c109
_d109